Allgemeinwissen - Einfach #8 - Statistiken

Allgemein
  • Dieses Quiz wurde 56.493 mal gespielt
  • Das Durchschnittsergebnis liegt bei 17 aus 20
Antwortstatistiken
Frage Antwort % Korrekt
Aus welchem Land kommt Sushi ursprünglich? Japan
99%
Welche Farbe haben Taxis in New York City? Gelb
98%
Der Name welches Vogels hat nur drei Buchstaben und beginnt mit U? Uhu
95%
Was ist das Gegenteil von Neumond? Vollmond
93%
Was kommt in einem Deck von Spielkarten nach der 10 und vor der Dame? Bube
91%
Was wird durch eine liegende Acht symbolisiert? Unendlichkeit
91%
Welcher Videospielcharakter ist eine böse Version von Super Mario, und hat ein W statt einem M auf seiner Kappe? Wario
88%
Was ist die Hauptstadt von Ägypten? Kairo
86%
Welcher Comicfilmcharakter wurde von Tobey Maguire, Andrew Garfield, und Tom Holland dargestellt? Spider-Man
85%
Was bedeutet die Vorsilbe "Okto"? Acht
83%
Nenne eines der chemischen Elemente des PSE, das mit C beginnt Calcium / Chlor + 8 andere
83%
Welche Art Tier hat mehrere Reihen von Zähnen, die nachwachsen können, und kann im Leben bis zu 30.000 Zähne haben? Haie
83%
Was stellt ein Barista her? Kaffeegetränke
83%
Welcher See an der Grenze von Jordanien-Israel ist so salzhaltig, dass keine Fische darin leben können? {Totes} Meer
83%
Wie wird der schwarze Teil des Augapfels genannt? Pupille
81%
Wie lautet der Nachname der Sänger Billy Ray und Miley? Cyrus
78%
Wie heißt die erfolgreichste deutsche Krimireihe? Tatort
77%
Welches Orchesterinstrument hat meist 47 Saiten? Harfe
71%
Welches Land ist auch als "Land Down Under" bekannt? Australien
70%
In welchem Film von 1986 spielte Tom Cruise einen Kampfpiloten der U.S. Navy? Top Gun
69%
Keine übereinstimmenden Quizze gefunden
Verteilung der Resultate
Anzahl Personen mit jedem Resultat
Perzentil nach korrekt beantworteten Fragen
Ihre Resultats-Entwicklung
Sie haben dieses Quiz noch nicht gespielt